| 000 | 00529cam a2200181 4500500 | ||
|---|---|---|---|
| 005 | 20260405003110.0 | ||
| 041 | _afre | ||
| 042 | _adc | ||
| 100 | 1 | 0 |
_aRontard, Yseult _eauthor |
| 245 | 0 | 0 | _aManuscrits de 1844 |
| 260 | _c2020. | ||
| 500 | _a73 | ||
| 690 | _aAliénation | ||
| 690 | _aMarx | ||
| 690 | _aTravail Capital | ||
| 786 | 0 | _nPhilosophie magazine | 141 | 8 | 2020-08-01 | p. 62-62 | 1951-1787 | |
| 856 | 4 | 1 | _uhttps://shs.cairn.info/magazine-philosophie-magazine-2020-8-page-62?lang=fr&redirect-ssocas=7080 |
| 999 |
_c2064368 _d2064368 |
||